| 000 | 00421nam a22001577a 4500 | ||
|---|---|---|---|
| 999 |
_c41373 _d41373 |
||
| 003 | OSt | ||
| 005 | 20211120120812.0 | ||
| 008 | 211120b ||||| |||| 00| 0 eng d | ||
| 020 | _a9789382581673 | ||
| 040 | _coclc | ||
| 082 |
_a297 _bRAS/N |
||
| 245 | _aNasthikatha Islam: Samvadam | ||
| 260 |
_aKerala: _bDa'wa books, _c2021. |
||
| 300 | _a530 pages | ||
| 942 |
_2ddc _cBK _h297 _iRAS/N _k297 _mRAS/N |
||